000 00390 a2200169 4500
001 176563
020 _a85-08-08430-7
040 _cMagnum
100 _aD´ávila, Maga
240 1 0 _aO pingüim que não veio do frio
_lpor
245 1 0 _aO pingüim que não veio do frio
300 _a128
362 0 _a2002
440 1 _aÁtica
697 _aLITERATURA INFANTO-JUVENIL
942 _cBK
999 _c176563
_d176563